| 000 | 00498cam a2200193ua 4500 | ||
|---|---|---|---|
| 020 |
_a1 851 66 132 8 _c5017.50 |
||
| 041 |
_aeng _h |
||
| 082 |
_a633.73 _bCLA/CO |
||
| 100 | _aClarke, R J . | ||
| 245 |
_aCoffee vol-4:agronomy / _cR J Clarke. _hTextual Documents |
||
| 260 |
_aLondon : _bElsevier applied sciences , _c1988. |
||
| 300 | _a334 ; . | ||
| 365 | _a5017.50 | ||
| 500 | _a** Reference | ||
| 504 | _a | ||
| 700 | 1 | _aMacrae, R . | |
| 942 | _cBK | ||
| 999 |
_c10494 _d10494 |
||